000
00210nam a2200109Ia 4500
100
_a
NATALIE/ROGER
942
_c
BK
245
_a
HOW TO SPEAK WITHOUT FEAR
260
_b
#N/A
546
_a
ENGLISH
999
_c
33954
_d
33954